Historia de una gaviota y del gato que le enseñó a volar.

Gespeichert in:
Bibliographische Detailangaben
1. Verfasser: Sepúlveda, Luis (autor)
Weitere Verfasser: Hyman, Miles (ilustraciones)
Format: Buch
Veröffentlicht: Barcelona, España: Tusquets Editores, 2001.
Ausgabe:21.ª edición
Schriftenreihe:Colección Andanzas,
Schlagworte:
Tags: Tag hinzufügen
Keine Tags, Fügen Sie den ersten Tag hinzu!

MARC

LEADER 00000nam a2200000 a 4500
001 UCL3329
003 CL-VaPUC
005 20240924154850.0
008 240916t2001 ||||| |||| 00| 0 eng d
999 |c 444760  |d 444758 
020 |a 84-7223-796-6 
040 |c Pontificia Universidad Católica de Valparaíso 
082 0 4 |a Ch863 SEP 2001  |2 21 
100 0 |a Sepúlveda, Luis  |e autor  |9 480633 
245 1 0 |a Historia de una gaviota y del gato que le enseñó a volar. 
250 |a 21.ª edición 
260 |a Barcelona, España:  |b Tusquets Editores,  |c 2001. 
300 |a 138 páginas. 
490 0 |a Colección Andanzas,   |n  280. 
500 |a c.1 Donación ELE. 9-09-2024 
583 |a last modification  |c 20031121 00:00:00  |k Catalogador Asistente 
650 0 |a Novelas chilenas   |9 265425 
650 0 |a Literatura chilena   |9 308278 
700 |a Hyman, Miles  |e ilustraciones  |9 891414 
942 |c BK  |2 ddc 
952 |0 0  |1 0  |2 ddc  |4 0  |6 CH_863_000000000000000_SEP_2001  |7 0  |8 A  |9 596791  |a BIBGIM  |b BIBGIM  |d 2024-09-16  |e Donación  |i 5662696  |o Ch863 SEP 2001  |p 5662696  |r 2025-01-15  |t 1  |w 2024-09-16  |y BK  |k ELE